书目信息 |
| 题名: |
研究生数学建模竞赛获奖论文选评
|
|
| 作者: | 陈雄达 , 杨筱菡 , 王勇智 编 | |
| 分册: | 上 | |
| 出版信息: | 上海 同济大学出版社 2021.01 |
|
| 页数: | 283页 | |
| 开本: | 26cm | |
| 丛书名: | 同济数学系列丛书 | |
| 单 册: | ||
| 中图分类: | O141.4-53 | |
| 科图分类: | ||
| 主题词: | 数学模型--shu xue mo xing--文集 | |
| 电子资源: | ||
| ISBN: | 978-7-5608-8961-0 | |
| 000 | 01334nam 2200325 450 | |
| 001 | 202021193929 | |
| 005 | 20211025120142.0 | |
| 010 | @a978-7-5608-8961-0@dCNY56.00 | |
| 092 | @aCN@bRt967-2429 | |
| 100 | @a20211002d2021 em y0chiy50 ea | |
| 101 | 0 | @achi |
| 102 | @aCN@b310000 | |
| 105 | @aak a 000yy | |
| 106 | @ar | |
| 200 | 1 | @a研究生数学建模竞赛获奖论文选评@Ayan jiu sheng shu xue jian mo jing sai huo jiang lun wen xuan ping@h上@f陈雄达, 杨筱菡, 王勇智编 |
| 210 | @a上海@c同济大学出版社@d2021.01 | |
| 215 | @a283页@c图@d26cm | |
| 225 | 2 | @a同济数学系列丛书@Atong ji shu xue xi lie cong shu |
| 320 | @a有书目 | |
| 330 | @a同济大学在2018年中国研究生数学建模竞赛中取得了优异的成绩。本书精选了2018年获奖论文中的具有代表性的论文, 按照竞赛论文的写作要求, 每篇论文包含了摘要、问题重述、分析、假设和建模、问题的求解及模型检验和评价等内容。书中不仅在论文前给出了原题, 而同一问题包含了不同论文的不同解决方案, 以及对应这一方案的教师点评, 以供读者参考。 | |
| 410 | 0 | @12001 @a同济数学系列丛书 |
| 606 | 0 | @a数学模型@Ashu xue mo xing@j文集 |
| 690 | @aO141.4-53@v5 | |
| 701 | 0 | @a陈雄达@Achen xiong da@4编 |
| 701 | 0 | @a杨筱菡@Ayang xiao han@4编 |
| 701 | 0 | @a王勇智@Awang yong zhi@4编 |
| 801 | 0 | @aCN@c20210909 |
| 901 | @a上海同济大学出版社 | |
| 905 | @a河南城建学院图书馆@dO141.4-53@eC590:1 | |
| 997 | @a期货 | |
| 研究生数学建模竞赛获奖论文选评.上/陈雄达, 杨筱菡, 王勇智编.-上海:同济大学出版社,2021.01 |
| 283页:图;26cm.-(同济数学系列丛书) |
| ISBN 978-7-5608-8961-0:CNY56.00 |
| 同济大学在2018年中国研究生数学建模竞赛中取得了优异的成绩。本书精选了2018年获奖论文中的具有代表性的论文, 按照竞赛论文的写作要求, 每篇论文包含了摘要、问题重述、分析、假设和建模、问题的求解及模型检验和评价等内容。书中不仅在论文前给出了原题, 而同一问题包含了不同论文的不同解决方案, 以及对应这一方案的教师点评, 以供读者参考。 |
| ● |
| 相关链接 |
|
|
|
正题名:研究生数学建模竞赛获奖论文选评
索取号:O141.4-53/C590:1
 
预约/预借
| 序号 | 登录号 | 条形码 | 馆藏地/架位号 | 状态 | 备注 |
| 1 | 1543148 | 215431487 | 自科库401/401自科库 40排4列1层/ [索取号:O141.4-53/C590:1] | 在馆 | |
| 2 | 1543149 | 215431496 | 自科库401/401自科库 40排4列1层/ [索取号:O141.4-53/C590:1] | 在馆 |